Dinámicas regionales de la industrialización : (Registro nro. 15541)

Detalles MARC
000 -LEADER
fixed length control field 03585nam a22003257a 4500
003 - CONTROL NUMBER IDENTIFIER
control field OSt
005 - DATE AND TIME OF LATEST TRANSACTION
control field 20210414161320.0
008 - FIXED-LENGTH DATA ELEMENTS--GENERAL INFORMATION
fixed length control field 210414s2008 ck ab||gr|||| 001 0 spa d
020 ## - INTERNATIONAL STANDARD BOOK NUMBER
International Standard Book Number 9789589849903
040 ## - CATALOGING SOURCE
Original cataloging agency CO-JMCR
Transcribing agency CO-JMCR
041 0# - LANGUAGE CODE
Language code of text/sound track or separate title spa
082 04 - DEWEY DECIMAL CLASSIFICATION NUMBER
Classification number 338.0986146 /
Item number M737d
Edition number 23
100 1# - MAIN ENTRY--PERSONAL NAME
Personal name Moncayo Jiménez, Édgard,
Relator term director
9 (RLIN) 26216
245 10 - TITLE STATEMENT
Title Dinámicas regionales de la industrialización :
Remainder of title análisis comparativo de Cundinamarca y Bogotá, D.C. /
Statement of responsibility, etc. Édgard,Moncayo Jiménez ; Yanod Márquez Aldana, Gustavo Peralta Mahecha, investigadores asociados ; Gonzalo Cómbita Mora, investigador asistente ; Alicia Rico Atencio, coordinadora administrativa
250 ## - EDITION STATEMENT
Edition statement Primera edición
260 ## - PUBLICATION, DISTRIBUTION, ETC.
Place of publication, distribution, etc. Bogotá :
Name of publisher, distributor, etc. Universidad Central,
Date of publication, distribution, etc. 2008
300 ## - PHYSICAL DESCRIPTION
Extent 213 páginas :
Other physical details ilustraciones y mapas a blanco y negro ;
Dimensions 22 cm.
500 ## - GENERAL NOTE
General note Incluye notas a pie de página e índice de mapas.
504 ## - BIBLIOGRAPHY, ETC. NOTE
Bibliography, etc. note Bibliografía: páginas 171-190
505 0# - FORMATTED CONTENTS NOTE
Formatted contents note Cambio estructural y crecimiento económico: un marco conceptual -- Las transformaciones espaciales de la economía colombiana -- Dinámicas del crecimiento departamental y especialización productiva -- Crecimiento y productividad globales y del sector manufacturero de Cundinamarca y Bogotá, en el contexto nacional -- Análisis de las ramas dinámicas de la industria de Cundinamarca -- Localización industrial en Bogotá y Cundinamarca -- Elementos para una política industrial de Cundinamarca concentrada en Bogotá
520 3# - SUMMARY, ETC.
Summary, etc. Desde mediados de la decada de los setenta del siglo pasado, la economía colombiana ha experimentado un persistente proceso de desindustrialización, que muy generosamente incidió en la reducción de las tasas globales de crecimiento que se observó desde esa época hasta el primer lustro del siglo XXI. No obstante, el rezago del sector industrial no ha sido generalizado en todos los departamentos del país, sino que se presento principalmente en los entables industriales más maduros y de mayor tamaño, como son los de Bogotá, Antioquia y Valle del Cauca. En contraste, la actividad manufacturera ha continuado creciendo en regiones de industrialización más recientes y relativamente periférica, como Santander, Bolívar, Cauca y Cundinamarca.<br/>Interesa destacar que el segundo conjunto de los departamentos mencionados ha tenido un mejor desempeño en términos de crecimiento que el primero. Lo anterior revela que la industrialización no solo sigue siendo viable, sino que es una condición necesaria de desarrollo, aún en el marco de un modelo de economía abierta, como el que se practica en Colombia desde hace casi dos decenios. En este estudio se adelanta un estudio comparativo de las dinámicas industriales -de signo opuesto- en Cundinamarca y Bogotá, identificando los sectores responsables de los respectivos comportamientos, sus características tecnológicas y las tendencias de localización de las nuevas empresas en el territorio cundinamarqués. Se concluye proponiendo la necesidad de una política industrial integral y concretada entre dos entidades territoriales.
650 14 - SUBJECT ADDED ENTRY--TOPICAL TERM
Topical term or geographic name entry element Industrialización
Geographic subdivision Cundinamarca (Colombia)
9 (RLIN) 36845
650 24 - SUBJECT ADDED ENTRY--TOPICAL TERM
Topical term or geographic name entry element Industrialización
Geographic subdivision Cundinamarca (Colombia)
9 (RLIN) 36845
650 24 - SUBJECT ADDED ENTRY--TOPICAL TERM
Topical term or geographic name entry element Producto interno bruto
Geographic subdivision Cundinamarca (Colombia)
9 (RLIN) 36846
700 1# - ADDED ENTRY--PERSONAL NAME
Personal name Márquez Aldana, Yanod,
Relator term investigador
9 (RLIN) 36847
700 1# - ADDED ENTRY--PERSONAL NAME
Personal name Peralta Mahecha, Gustavo,
Relator term investigador
9 (RLIN) 36848
700 1# - ADDED ENTRY--PERSONAL NAME
Personal name Cómbita Mora, Gonzalo,
Relator term investigador
9 (RLIN) 36849
700 1# - ADDED ENTRY--PERSONAL NAME
Personal name Rico Atencio, Alicia,
Relator term coordinadora
9 (RLIN) 36850
942 ## - ADDED ENTRY ELEMENTS (KOHA)
Source of classification or shelving scheme Dewey Decimal Classification
Koha item type Books
Existencias
Withdrawn status Lost status Source of classification or shelving scheme Damaged status Not for loan Collection code Home library Current library Date acquired Source of acquisition Total Checkouts Full call number Barcode Date last seen Copy number Price effective from Koha item type
    Dewey Decimal Classification     Non-fiction Biblioteca Pública José María del Castillo y Rada Biblioteca Pública José María del Castillo y Rada 04/15/2018 Donación   338.0986146 / M737d 201810958 05/16/2024 Ej.1 04/14/2021 Books